[Event "FRA-chT4 0102"]
[Site "Champagne Ardenne"]
[Date "2002.02.03"]
[Round "5"]
[White "Bultel, Bruno"]
[Black "Jus, Yohann"]
[Result "0-1"]
[WhiteElo "1980"]
[BlackElo "1980"]
[PlyCount "70"]
[EventDate "2002.10.??"]
[EventType "team"]
[EventRounds "7"]
[EventCountry "FRA"]
[SourceTitle "EXT 2005"]
[Source "ChessBase"]
[SourceDate "2004.11.15"]
[SourceVersion "1"]
[SourceVersionDate "2004.11.15"]
[SourceQuality "1"]

1. e4 c5 2. Nc3 Nc6 3. f4 d6 4. d3 g6 5. Nf3 Bg7 6. g3 Bd7 7. Bg2 Nh6 8. 0-0 0-0 9. h3 Rb8 10. Kh2 Nd4 11. Nxd4 Bxd4 12. f5 Bg7 13. Nd5 Kh8 14. Bg5 f6 15. Be3 gxf5 16. Qh5 Be8 17. Qh4 Nf7 18. exf5 Ne5 19. Nf4 Bf7 20. Bd5 Bxd5 21. Nxd5 Qd7 22. Qe4 e6 23. fxe6 Qxe6 24. Rf5 Qf7 25. Raf1 Rbe8 26. Qg2 Nc6 27. Qf2 Re6 28. Nf4 Ree8 29. Rh5 Ne5 30. Bc1 Ng6 31. Rf5 Ne5 32. b3 Qd7 33. g4 Qf7 34. Qh4 Ng6 35. Rh5 Nxh4 0-1